Épül a Domus Áruház
Elmentve itt :
| Szerző: | |
|---|---|
| Dokumentumtípus: | Cikk |
| Megjelent: |
1979-03-06
|
| Sorozat: | Délmagyarország
69 No. 54 |
| Kulcsszavak: | bútor, lakberendezés |
| Online Access: | http://dmarchiv.bibl.u-szeged.hu/108914 |
| LEADER | 00449nab a2200157 i 4500 | ||
|---|---|---|---|
| 001 | delm108914 | ||
| 005 | 20190524103843.0 | ||
| 008 | 190524s1979 hu o 0|| hun d | ||
| 040 | |a SZTE Délmagyarország Archívum |b hun | ||
| 041 | |a hun | ||
| 100 | 1 | |a Hulin István | |
| 245 | 1 | 0 | |a Épül a Domus Áruház |h [elektronikus dokumentum] / |c Hulin István |
| 260 | |c 1979-03-06 | ||
| 300 | |a 1 | ||
| 490 | 0 | |a Délmagyarország |v 69 No. 54 | |
| 695 | |a bútor, lakberendezés | ||